Main economic indicators october 1997
Salvato in:
| Natura: | Libro |
|---|---|
| Lingua: | inglese francese |
| Pubblicazione: |
Paris
OECD
1997
|
| Serie: | Statistics directorate
|
| Soggetti: | |
| Tags: |
Nessun Tag, puoi essere il primo ad aggiungerne!!
|
MARC
| LEADER | 00000nam a2200000 4500 | ||
|---|---|---|---|
| 001 | c119938 | ||
| 005 | 20240422075028.1 | ||
| 020 | |a 92-64-05225-9 | ||
| 022 | |a 0474-5523 | ||
| 041 | 0 | |a eng | |
| 041 | 0 | |a fre | |
| 044 | |a FR | ||
| 245 | 1 | 0 | |a Main economic indicators |b october 1997 |
| 264 | 1 | |a Paris |b OECD |c 1997 | |
| 300 | |a 227 s. | ||
| 490 | 1 | |a Statistics directorate | |
| 830 | 0 | |a Statistics directorate | |
| 610 | 2 | 0 | |a účty národné |
| 610 | 2 | 0 | |a produkcia |
| 610 | 2 | 0 | |a priemysel |
| 610 | 2 | 0 | |a obchod |
| 610 | 2 | 0 | |a stavebníctvo |
| 610 | 2 | 0 | |a trh práce |
| 610 | 2 | 0 | |a mzdy |
| 610 | 2 | 0 | |a ceny |
| 610 | 2 | 0 | |a financie |
| 610 | 2 | 0 | |a miera úroková |
| 610 | 2 | 0 | |a obchod zahraničný |